UBT Library

Experiencing MIS / (Record no. 43978)

000 -LEADER
fixed length control field 00832cam a2200253 a 4500
001 - CONTROL NUMBER
control field 15492167
005 - DATE AND TIME OF LATEST TRANSACTION
control field 20180302043540.0
008 - FIXED-LENGTH DATA ELEMENTS--GENERAL INFORMATION
fixed length control field 081021s2010 njua b 001 0 eng
010 ## - LIBRARY OF CONGRESS CONTROL NUMBER
LC control number 2008045312
020 ## - INTERNATIONAL STANDARD BOOK NUMBER
International Standard Book Number 9780136078685 (pbk. : alk. paper)
020 ## - INTERNATIONAL STANDARD BOOK NUMBER
International Standard Book Number 0136078680 (pbk. : alk. paper)
035 ## - SYSTEM CONTROL NUMBER
System control number (OCoLC)ocn263605444
040 ## - CATALOGING SOURCE
Original cataloging agency DLC
Transcribing agency DLC
Modifying agency YDX
-- BTCTA
-- YDXCP
-- BWX
-- OCLCQ
-- DLC
041 ## - LANGUAGE CODE
Language code of text/sound track or separate title eng
080 ## - UNIVERSAL DECIMAL CLASSIFICATION NUMBER
Universal Decimal Classification number 658.4038011 KRO
082 00 - DEWEY DECIMAL CLASSIFICATION NUMBER
Classification number 658.4038011 KRO
Edition number 22
100 1# - Rafti
Rafti 54
101 ## - Shkurtesa
Shkurtesa MIS
245 10 - TITLE STATEMENT
Title Experiencing MIS /
Statement of responsibility, etc David M. Kroenke.
504 ## - BIBLIOGRAPHY, ETC. NOTE
Bibliography, etc Includes bibliographical references and index.
906 ## - LOCAL DATA ELEMENT F, LDF (RLIN)
a 7
b cbc
c orignew
d 1
e ecip
f 20
g y-gencatlg
942 ## - ADDED ENTRY ELEMENTS (KOHA)
Source of classification or shelving scheme
Item type Books
Holdings
Withdrawn status Lost status Source of classification or shelving scheme Damaged status Not for loan Collection code Permanent location Current location Shelving location Date acquired Total Checkouts Full call number Barcode Date last seen Price effective from Koha item type
          Koleksioni i përgjithshem UBT - Lipjan UBT - Lipjan Koleksioni i përgjithshem 03/02/2018   658.4038011 KRO 002-3000335 03/02/2018 03/02/2018 Books
UBT Library © 2015-2024. All rights reserved University Education for Business and Technology